Eredivisie: 100+ Goal Contributions (2000-) - Statistics

General Stats
  • This quiz has been taken 13 times
  • The average score is 16 of 27
Answer Stats
Ranking Player Positions Nationality Matches Goals (assists) Periods Clubs % Correct
5 Klaas-Jan Huntelaar FW 233 156 (32) 2002-2003, 2004-2008, 2017-2021
100%
12 Luis Suárez FW 139 91 (52) 2006-2011
100%
1 Luuk de Jong FW 337 192 (82) 2008-2011, 2014-2018, 2022-2025
100%
27 Dries Mertens MF, FW 127 53 (47) 2009-2013
88%
2 Dušan Tadić MF, FW 295 119 (132) 2010-2013, 2018-2023
88%
6 Hakim Ziyech MF, FW 216 79 (88) 2012-2020
88%
23 Siem de Jong MF, FW 258 71 (32) 2007-2013, 2016-2017, 2019-2022
88%
15 Davy Klaassen MF 252 82 (37) 2011-2016, 2020-2025
75%
22 Sébastien Haller FW 148 77 (27) 2014-2016, 2020-2021, 2024-2025
75%
4 Steven Berghuis MF, FW 351 116 (93) 2010-2014, 2016-2025
75%
20 Vangelis Pavlidis MF, FW 165 85 (26) 2018-2024
75%
3 Dirk Kuyt DF, FW 264 142 (74) 2000-2005, 2015-2017
63%
8 Lasse Schöne MF 459 85 (70) 2007-2018, 2020-2025
63%
16 Mateja Kežman FW 122 104 (13) 2000-2004
63%
14 Ricky van Wolfswinkel MF, FW 249 99 (30) 2007-2010, 2016-2017, 2021-2025
63%
10 Blaise Nkufo FW 223 114 (35) 2003-2010
50%
9 Bryan Linssen MF, FW 356 112 (39) 2010-2021, 2024-2025
50%
7 Jens Toornstra MF, FW 476 90 (74) 2009-2025
50%
11 Kenneth Pérez MF, FW 269 88 (58) 2000-2010
50%
26 Michael de Leeuw MF, FW 247 86 (16) 2011-2015, 2018-2022
50%
21 Michiel Kramer FW 291 87 (24) 2008-2009, 2013-2025
50%
18 Tim Matavž FW 223 90 (25) 2007-2013, 2017-2020
50%
13 Matthew Amoah FW 271 103 (31) 2000-2005, 2007-2011, 2013-2014
38%
17 Anthony Lurling MF, FW 353 64 (52) 2000-2005, 2007-2014
13%
19 Jan Vennegoor of Hesselink FW 208 90 (22) 2000-2006, 2011-2012
13%
25 Jeremain Lens MF, FW 181 56 (46) 2006-2013
13%
24 Rick Hoogendorp FW 203 82 (21) 2000-2006, 2008-2009
0%
No matching quizzes found
Score Distribution
Percent of People with Each Score
Percentile by Number Answered
Your Score History
You have not taken this quiz